00882 2200313 4500001002100000005001500021035002000036007000300056040001700059100003600076245006400112250001100176300003600187504002900223020002200252041000800274082000800282084001500290090001800305264004400323336002100367337003000388338002300418650004400441850001000485008004100495990001600536990001600552INLIS00000000000464520260524080321 a0010-0122000277ta aSBPUPADbind3 aSyahdeini Sutan RemyePengarang1 aKejahtan Dan Tindak Pidana Komputer /cSyahdeini Sutan Remy aCet. 1 axii, 358 hal :billus. ;c23 cm abibliografi, hlm 346-353 a978-979-444-452-8 aind a179 a179 SYAH k a300 DAD p 6-4 aJakarta :bPustaka Utama Grafiti,c2009 2rdacontentaTeks 2rdamediaaTanpa Perantara 2rdacarrieraVolume 4aTeknologi Informasi: Kejahatan Komputer aPUPAD260524 0  a1190/B/2013 a1191/B/2013